इसे छोड़कर सामग्री पर बढ़ने के लिए
VuFind
भाषा
English
Deutsch
Español
Français
Italiano
日本語
Nederlands
Português
Português (Brasil)
中文(简体)
中文(繁體)
Türkçe
עברית
Gaeilge
Cymraeg
Ελληνικά
Català
Euskara
Русский
Čeština
Suomi
Svenska
polski
Dansk
slovenščina
اللغة العربية
বাংলা
Galego
Tiếng Việt
Hrvatski
हिंदी
सभी फ़ील्ड्स
शीर्षक
लेखक
विषय
बोधानक
आईएसबीएन / आईएसएसएन
टैग
खोज
उन्नत
खोज
Indian standards specification...
इसे उद्धृत करें
इसे ईमेल करें
प्रिंट
निर्यात रिकॉर्ड
को निर्यात RefWorks
को निर्यात EndNoteWeb
को निर्यात EndNote
permanent_link
लोड हो रहा है...
Indian standards specification for forzen prawns(shrimp)
ग्रंथसूची विवरण
भाषा:
English
विषय:
होल्डिंग्स
विवरण
समान संसाधन
स्टाफ के लिए
LEADER
00334nam a2200145 a 4500
005
20151028162208.0
008
960221s1955 dcuabcdjdbkoqu001 0deng d
003
ViArRB
082
|a
641.395
245
|a
Indian standards specification for forzen prawns(shrimp)
300
|c
Book
653
|a
942
|c
BK
|6
_
942
|c
BK
999
|c
77124
|d
77124
समान संसाधन
Indian standard: specification for frozen prawns(shrimp) Indian standards MS001635-MS001648 and MS002136-Ms002142 Bind together in one BOOk
द्वारा: Indian Standard Institution
प्रकाशित: (1972)
Marine prawns and shrimps
द्वारा: Biswas, KP
प्रकाशित: (2011)
Marine prawns and shrimps
द्वारा: Biswas, KP
प्रकाशित: (2011)
Marine Prawns and shrimps
द्वारा: Biswas,K P
प्रकाशित: (2011)
Farming of prawns and shrimps
द्वारा: Apud, F D Primavera, J H Torres, P L
प्रकाशित: (1987)
लोड हो रहा है...